10+ Italy Caps Since 2000 - Statistics

General Stats
  • This quiz has been taken 199 times
  • The average score is 65 of 124
Answer Stats
Debut Last Most Apps For Pos Player Cps Gls % Correct
1997 2018 Juventus GK Gianluigi Buffon 163
100%
2016 Milan GK Gianluigi Donnarumma 61
99%
2004 2022 Juventus CB Giorgio Chiellini 117 8
99%
2004 2017 Roma DM Daniele De Rossi 116 21
98%
1998 2006 Roma ST Francesco Totti 48 9
98%
2010 2023 Juventus CB Leonardo Bonucci 121 8
98%
2016 Chelsea DM Jorginho 53 5
97%
2002 2015 Milan DM Andrea Pirlo 116 13
96%
2012 Paris Saint-Germain CM Marco Verratti 55 3
96%
2018 Fiorentina RW Federico Chiesa 46 7
95%
2014 Lazio ST Ciro Immobile 57 17
93%
2004 2017 Juventus CB Andrea Barzagli 72
90%
1997 2010 Parma CB Fabio Cannavaro 104 2
90%
2012 2022 Napoli LW Lorenzo Insigne 54 10
90%
1996 2006 Milan CB Alessandro Nesta 56
89%
1988 2002 Milan LB Paolo Maldini 23
89%
1995 2008 Juventus SS Alessandro Del Piero 63 17
88%
1997 2007 Milan ST Filippo Inzaghi 40 19
87%
2018 Inter Milan CM Nicolò Barella 53 9
86%
2002 2012 Udinese ST Antonio Di Natale 41 10
85%
2000 2010 Milan CM Gennaro Gattuso 73 1
85%
2008 2014 Villarreal ST Giuseppe Rossi 30 7
84%
2004 2009 Hellas Verona ST Luca Toni 48 16
83%
2014 Inter Milan RB Matteo Darmian 42 2
82%
2009 2017 Juventus CM Claudio Marchisio 55 5
81%
2010 2018 Inter Milan ST Mario Balotelli 36 14
81%
2016 Torino ST Andrea Belotti 44 13
79%
2014 2016 Shandong Luneng ST Graziano Pellè 20 9
78%
2007 2019 Sampdoria ST Fabio Quagliarella 28 8
77%
2020 Inter Milan CB Alessandro Bastoni 23 1
74%
2022 Inter Milan LM Federico Dimarco 18 2
74%
1999 2010 Juventus LB Gianluca Zambrotta 94 2
74%
2018 West Ham United LB Emerson Palmieri 29
73%
2019 Napoli RB Giovanni Di Lorenzo 35 3
73%
1997 2005 Inter Milan ST Christian Vieri 30 13
72%
2016 2022 Juventus RW Federico Bernardeschi 39 6
72%
2011 2016 Paris Saint-Germain DM Thiago Motta 30 1
72%
2018 Sassuolo RW Domenico Berardi 28 8
69%
2020 Juventus DM Manuel Locatelli 28 3
68%
2001 2008 Inter Milan CB Marco Materazzi 40 2
68%
2010 2021 Paris Saint-Germain GK Salvatore Sirigu 28
68%
2019 Milan DM Sandro Tonali 15
68%
2012 Roma LW Stephan El Shaarawy 31 7
67%
2003 2014 Roma SS Antonio Cassano 39 10
65%
2003 2010 Palermo LB Fabio Grosso 48 4
65%
2003 2010 Juventus RM Mauro Camoranesi 54 5
65%
2014 Lazio CB Francesco Acerbi 34 1
64%
2017 Roma CM Lorenzo Pellegrini 29 6
64%
2012 2022 Roma RB Alessandro Florenzi 49 2
63%
2007 2017 Fiorentina CM Riccardo Montolivo 66 2
62%
2017 Roma LM Leonardo Spinazzola 24
59%
2021 Atalanta ST Gianluca Scamacca 15 1
58%
2013 Milan RB Mattia De Sciglio 40
58%
2019 Roma CB Gianluca Mancini 13
57%
2011 2016 West Ham United CB Angelo Ogbonna 13
56%
2009 2018 Lazio RW Antonio Candreva 54 8
55%
2018 Juventus ST Moise Kean 15 4
55%
2017 Roma DM Bryan Cristante 39 2
54%
2014 2018 Torino ST Simone Zaza 18 2
54%
2004 2013 Fiorentina ST Alberto Gilardino 56 19
53%
2016 Milan CB Alessio Romagnoli 13 2
51%
1995 2004 Fiorentina GK Francesco Toldo 22
50%
2021 Sassuolo ST Giacomo Raspadori 27 6
50%
2011 2015 Milan RB Ignazio Abate 22 1
50%
1999 2008 Milan CM Massimo Ambrosini 34
50%
2011 2015 Toronto SS Sebastian Giovinco 23 1
48%
2019 Roma AM Nicolò Zaniolo 19 2
46%
2018 Napoli RW Matteo Politano 12 3
45%
2022 Sassuolo CM Davide Frattesi 14 4
42%
2016 2018 Atalanta RM Davide Zappacosta 13
42%
2015 2017 Sampdoria ST Éder 26 6
42%
2013 Milan CM Giacomo Bonaventura 18 1
42%
2021 Atalanta CB Rafael Tolói 14
42%
2005 2010 Udinese ST Vincenzo Iaquinta 40 6
42%
2006 2014 Roma CM Alberto Aquilani 37 5
41%
2002 2009 Roma CM Simone Perrotta 48 2
37%
2022 Zurich SS Wilfried Gnonto 13 1
37%
2010 2016 Inter Milan CB Andrea Ranocchia 21
36%
2018 Fiorentina LB Cristiano Biraghi 16 1
36%
2008 2014 Napoli RB Christian Maggio 34
35%
1994 2008 Roma RB Christian Panucci 37 3
35%
1999 2005 Roma ST Vincenzo Montella 18 3
35%
2009 2018 Genoa LB Domenico Criscito 26
34%
2009 2012 Fiorentina ST Giampaolo Pazzini 25 4
33%
2004 2007 Palermo CB Cristian Zaccardo 16 1
32%
2013 2014 Torino RW Alessio Cerci 14
31%
2012 2016 Cesena LW Emanuele Giaccherini 29 4
31%
2011 2018 Lazio CM Marco Parolo 36
31%
2002 2008 Lazio RB Massimo Oddo 33 1
31%
2020 Monza CM Matteo Pessina 16 5
30%
2009 2016 Lazio GK Federico Marchetti 11
29%
2008 2011 Udinese RW Simone Pepe 23
29%
2010 2013 Livorno AM Alessandro Diamanti 17 1
27%
1991 2002 Milan DM Demetrio Albertini 14
27%
2001 2004 Bologna ST Marco Di Vaio 14 2
27%
2011 2014 Roma ST Dani Osvaldo 14 4
26%
2003 2004 Palermo ST Fabrizio Miccoli 10 2
26%
2010 2013 Palermo LB Federico Balzaretti 16
26%
2001 2004 Inter Milan DM Cristiano Zanetti 17 1
25%
2011 2017 Cagliari CB Davide Astori 14 1
25%
2012 Sampdoria ST Manolo Gabbiadini 13 2
25%
1998 2006 Roma ST Marco Delvecchio 20 4
25%
1995 2002 Juventus RM Angelo Di Livio 13
24%
1998 2002 Inter Milan DM Luigi Di Biagio 18 1
24%
2001 2008 Milan CB Daniele Bonera 16
22%
1996 2002 Juventus LB Gianluca Pessotto 11
22%
1998 2003 Juventus CB Mark Iuliano 17 1
22%
2007 2012 Palermo CM Antonio Nocerino 15
20%
1998 2003 Roma CM Damiano Tommasi 23 1
20%
2006 2011 Sampdoria DM Angelo Palombo 21
19%
2000 2002 Milan LB Francesco Coco 17
19%
1999 2005 Lazio RB Giuseppe Pancaro 16
19%
2000 2004 Lazio AM Stefano Fiore 38 2
19%
1995 2003 Juventus DM Alessio Tacchinardi 12
16%
2004 2006 Torino CM Simone Barone 15 1
15%
2004 2011 Lazio AM Stefano Mauri 10
15%
2007 2009 Napoli LM Andrea Dossena 10
14%
2002 2004 Roma CB Matteo Ferrari 11
14%
2003 2004 Lazio ST Bernardo Corradi 13 2
13%
2006 2015 Fiorentina LB Manuel Pasqual 10
12%
2002 2010 Juventus CB Nicola Legrottaglie 16 1
12%
2010 2016 Genoa LB Luca Antonelli 13
11%
2009 2012 Palermo RB Mattia Cassani 11
9%
2004 2007 Brescia RM Aimo Diana 13 1
2%
No matching quizzes found
Score Distribution
Percent of People with Each Score
Percentile by Number Answered
Your Score History
You have not taken this quiz